PHYSICALLY BASED RENDERING FROM THEORY TO IMPLEMENTATION (Record no. 216669)

MARC details
000 -LEADER
fixed length control field 00658nam a22001937a 4500
008 - FIXED-LENGTH DATA ELEMENTS--GENERAL INFORMATION
fixed length control field 260225b |||||||| |||| 00| 0 eng d
020 ## - INTERNATIONAL STANDARD BOOK NUMBER
International Standard Book Number 978-0-12-800645-0
050 ## - LIBRARY OF CONGRESS CALL NUMBER
Classification number T 385 .P 493 2017
100 ## - MAIN ENTRY--PERSONAL NAME
Personal name PHARR, MATT
245 ## - TITLE STATEMENT
Title PHYSICALLY BASED RENDERING FROM THEORY TO IMPLEMENTATION
250 ## - EDITION STATEMENT
Edition statement 3
260 ## - PUBLICATION, DISTRIBUTION, ETC.
Place of publication, distribution, etc. AMSTERDAM,
Name of publisher, distributor, etc. ELSEVIER MORGAN KAUFMANN PUBLISHERS,
Date of publication, distribution, etc. 2017,
300 ## - PHYSICAL DESCRIPTION
Extent XXiX, 1233 P, ILL
500 ## - GENERAL NOTE
General note INCLUDES BIBLIOGRAPHICAL REFERENCES
650 ## - SUBJECT ADDED ENTRY
Topical term or geographic name entry element Computer graphics, Three-dimensional display systems, Image processing-Digital techniques
700 ## - ADDED ENTRY--PERSONAL NAME
Personal name JACOB WENZEL, HUMPREYS GREG
942 ## - ADDED ENTRY ELEMENTS (KOHA)
Source of classification or shelving scheme Library of Congress Classification
Koha item type Long Loan Book
Holdings
Withdrawn status Lost status Source of classification or shelving scheme Damaged status Not for loan Collection Home library Current library Shelving location Date acquired Inventory number Total checkouts Full call number Barcode Date last seen Copy number Price effective from Koha item type
    Library of Congress Classification     Science & Technology Kisii University Library Kisii University Library On Display 02/25/2026 112007   T 385 .P 493 2017 000000022539 02/25/2026 1 02/25/2026 Long Loan Book
    Library of Congress Classification     Science & Technology Kisii University Library Kisii University Library On Display 02/25/2026 112008   T 385 .P 493 2017 000000018032 02/25/2026 2 02/25/2026 Long Loan Book
    Library of Congress Classification     Science & Technology Kisii University Library Kisii University Library On Display 02/25/2026 112009   T 385 .P 493 2017 000000018028 02/25/2026 3 02/25/2026 Long Loan Book
    Library of Congress Classification     Science & Technology Kisii University Library Kisii University Library On Display 02/25/2026 112010   T 385 .P 493 2017 000000018029 02/25/2026 4 02/25/2026 Long Loan Book
    Library of Congress Classification     Science & Technology Kisii University Library Kisii University Library On Display 02/25/2026 112011   T 385 .P 493 2017 000000018030 02/25/2026 5 02/25/2026 Long Loan Book